Представление документа в формате RUSMARC

ПолеНазваниеЗначение
  Тип записи a
  Библиографический уровень a
001 Контрольный номер RU/CBS_UL/BASE/590243864
005 Дата корректировки 20240209175229.2
100 Данные общей обработки __
a Данные общей обработки 20180914d2018 ||| 0rusy0189 ca
101 Язык документа 0_
a Язык текста rus
102 Страна публикации __
a Страна публикации RU
105 Кодированные данные (монография) __
a Кодированные данные (монография) y###||||000|y
200 Заглавие и сведения об ответственности 1_
a Заглавие «Выдумщик» Андрей Усачев
b Общее обозначение материала Текст
e Сведения, относящиеся к заглавию [о детских стихах и сказках Андрея Усачева, к 60-летию со дня рождения писателя]
f Первые сведения об ответственности Л. Зиман
300 Общие примечания __
a Общие примечания Ограничения по возрасту - 0+
461 Уровень набора _0
1 2000
a Дошкольное воспитание
463 Уровень физической единицы _0
1 001RU/CBS_UL/BASE/590145555
1 2000
a № 6
v С. 40-47
1 210
d 2018
600 Персоналии _0
a Персоналии (Фамилия) Усачев
b Персоналии (Имя, инициалы) А.
606 Тематические рубрики 0_
a Основная рубрика Усачёв, Андрей Алексеевич (1958)
610 Ключевые слова 0_
a Ключевые слова литература детская
a Ключевые слова поэты детские
a Ключевые слова стихи для детей
a Ключевые слова семейное чтение
686 Индексы других классификаций __
a Классификационный индекс 83.8
2 Код системы ББК
700 Автор _1
a Фамилия Зиман
b Имя (инициалы) Л.
801 Источник записи _0
a Страна RU
b Организация МБУК ЦБС г. Ульяновска
c Дата составления 20180914
g Правила каталогизации RCR
801 Источник записи _1
a Страна RU
b Организация МБУК ЦБС г. Ульяновска
c Дата составления 20180914
g Правила каталогизации RCR
901 Тип документа __
t Тип документа b
w Контрольный № источника RU/CBS_UL/BASE/590145555
910 Корректоры записи __
a Корректор записи Библиотека 18
938 Служебная информация __
a Имя БД period